Lou Gehrig (Record no. 235695)

MARC details
000 -LEADER
fixed length control field 00690nam a2200217Ia 4500
008 - FIXED-LENGTH DATA ELEMENTS--GENERAL INFORMATION
fixed length control field 191130s2007##################000#0#eng##
020 ## - INTERNATIONAL STANDARD BOOK NUMBER
ISBN 9780791094235
082 ## - DEWEY DECIMAL CLASSIFICATION NUMBER
Classification number 796.357092 REI
100 ## - MAIN ENTRY--AUTHOR NAME
Personal name Reis, Ronald A
245 ## - TITLE STATEMENT
Title Lou Gehrig
Statement of responsibility, etc Ronald A. Reis
260 ## - PUBLICATION, DISTRIBUTION, ETC. (IMPRINT)
Place of publication New York
Name of publisher Chelsea House
Year of publication c2007
300 ## - PHYSICAL DESCRIPTION
Number of Pages 130 p. : ill. ; 25 cm. ; hpk
500 ## - GENERAL NOTE
General note Includes bibliographical references and index
650 ## - SUBJECT ADDED ENTRY--TOPICAL TERM
Topical Term Baseball players - United States - Biography - Juvenile literature
Topical Term Gehrig, Lou, 1903-1941 - Juvenile literature
991 ## -
-- 315369
Holdings
Withdrawn status Lost status Damaged status Not for loan Home library Current library Shelving location Date acquired Full call number Accession Number Price effective from Koha item type
        Anna Centenary Library Anna Centenary Library 6TH FLOOR, B WING 13.10.2020 796.357092 REI 438230 13.10.2020 English Books

Find us on the map